000 01100nam a2200289 i 4500
003 EG-GICUC
005 20260428111814.0
008 260428s1879 fr |||fr|||| 00| 0 fre d
040 _aEG-GiCUC
_bfre
_cEG-GiCUC
_dEG-GiCUC
_eRda
082 0 4 _221
_a343.83
_bTA . E
092 0 4 _221
099 _aLaw1 10 343.83 TA . E 1879
100 1 _aTARDIEU, AMBROISE
_eAuteur
245 1 0 _aÉTUDE MÉDICO-LÉGALE SUR LES MALADIES PRODUITES ACCIDENTELLEMENT :
_bOU INVOLONTAIREMENT FAR IMPRUDENCE, NEGLIGENCE OU TRANEMISSION CONTAGIEUSE /
_cPer Ambroise Tardieu.
264 1 _aParis :
_bLIBRAIRIE J.-B. BAILLIÈRE ET FILS,
_c1879.
300 _a288 page ;
_c 24 cm.
336 _2rda contenu
_a texte
337 _2rda medias
_aOrdinateur
338 _2 transporteur rda
_a Ressource en ligne
500 _aL'HISTOIRE MEDICO-LÉGALE DE LA SYPHILIS COMPRENANT DE SER DIVERS MODES DE TRANSMISSION
546 _aTexte en français
650 1 4 _aMédecine Légale
_2qrmak
651 1 _2qrmak
856 4 0 _uhttps://fll.law.cu.edu.eg/fulltext/bks/B10-11155.pdf
905 _a161
942 _2ddc
_cBK
_e21
_n0
999 _c73832
_d73832